| 000 | 00781cam a2200265 i 4500 | ||
|---|---|---|---|
| 999 |
_c200454854 _d73066 |
||
| 001 | 000764112 | ||
| 003 | TR-AnTOB | ||
| 005 | 20231009100916.0 | ||
| 007 | ta | ||
| 008 | 080717s1977 tu d f 001 0 tur | ||
| 040 |
_aTR-AnTOB _beng _erda _cTR-AnTOB |
||
| 041 | 1 | _atur | |
| 060 | _aWU 515 | ||
| 096 |
_aWU515 _bC965 1977 TıpFaK |
||
| 100 | 1 |
_aÇuhadaroğlu, İlhan _eauthor _9143909 |
|
| 245 | 1 | 0 |
_aKron-Köprü Protezi / _cİlhan Çuhadaroğlu. |
| 250 | _aİkinci baskı | ||
| 264 | 1 |
_aAnkara : _bAnkara Üniversitesi Diş Hekimliği Fakültesi, _c1977. |
|
| 300 |
_a369 pages : _billustrations ; _c19 cm |
||
| 336 |
_atext _btxt _2rdacontent |
||
| 337 |
_aunmediated _bn _2rdamedia |
||
| 338 |
_avolume _bnc _2rdacarrier |
||
| 942 |
_2NLM _cBK |
||